[Event "Oberliga Ost B 2017 2018"]
[Site "Germany"]
[Date "2018.02.03"]
[Round "6.4"]
[White "Staller, Peter"]
[Black "Gottschalk, Jens"]
[Result "0-1"]
[WhiteElo "2267"]
[BlackElo "2268"]
[PlyCount "110"]
[EventDate "2017.10.22"]
[EventType "team-tourn"]
[EventCountry "GER"]
[WhiteTeam "Frankfurt SC Koenig Nied"]
[BlackTeam "Wiesbadener SV"]
[WhiteTeamCountry "GER"]
[BlackTeamCountry "GER"]

1. Nf3 Nf6 2. e3 d5 3. b3 g6 4. Bb2 Bg7 5. c4 c6 6. Be2 O-O 7. O-O Re8 8. d4
Bf5 9. Nbd2 Ne4 10. b4 a5 11. a3 axb4 12. axb4 Rxa1 13. Bxa1 Qb6 14. Qb3 Nxd2
15. Nxd2 Nd7 16. f4 h5 17. c5 Qc7 18. Bd3 e6 19. b5 Ra8 20. b6 Qd8 21. Bxf5
exf5 22. Bb2 Qe7 23. Re1 Ra5 24. Bc3 Rb5 25. Qa3 Nxb6 26. Nf3 Nc4 27. Qc1 Qe8
28. Ne5 Nxe5 29. fxe5 Qa8 30. Qc2 Qa3 31. Ra1 Qb3 32. Rc1 Qxc2 33. Rxc2 Bh6 34.
Bd2 Kf8 35. Kf2 Ke7 36. Ra2 f6 37. exf6+ Kxf6 38. g3 Rb1 39. e4 Bxd2 40. e5+
Ke6 41. Rxd2 g5 42. h3 Rb4 43. Ke2 b6 44. cxb6 Rxb6 45. Rc2 Kd7 46. Kf2 Rb4 47.
Rd2 Ke6 48. Ke3 Rb3+ 49. Kf2 c5 50. dxc5 Rc3 51. Ra2 Rxc5 52. Ra8 Kxe5 53. Re8+
Kd4 54. Rf8 Rc2+ 55. Kf3 g4+ 0-1

[Event "Oberliga Ost B 2017 2018"]
[Site "Germany"]
[Date "2018.02.03"]
[Round "6.5"]
[White "Ress, Tamas"]
[Black "Chandler, Patrick"]
[Result "1/2-1/2"]
[WhiteElo "2314"]
[BlackElo "2211"]
[PlyCount "94"]
[EventDate "2017.10.22"]
[EventType "team-tourn"]
[EventCountry "GER"]
[WhiteTeam "Wiesbadener SV"]
[BlackTeam "Frankfurt SC Koenig Nied"]
[WhiteTeamCountry "GER"]
[BlackTeamCountry "GER"]

1. d4 Nf6 2. c4 e6 3. Bg5 h6 4. Bh4 d5 5. Nc3 c6 6. cxd5 exd5 7. Qc2 Be7 8. e3
Be6 9. Bd3 Nbd7 10. Nge2 g5 11. Bg3 Nf8 12. f3 Bd6 13. Bf2 Rg8 14. e4 Be7 15.
O-O-O Qa5 16. e5 N6d7 17. h4 b5 18. hxg5 hxg5 19. f4 gxf4 20. Nxf4 Bg5 21. Be3
Nb6 22. Kb1 b4 23. Nce2 Rc8 24. Rdf1 Nc4 25. Bxc4 dxc4 26. Nxe6 Nxe6 27. Bxg5
Nxg5 28. Qxc4 Qd5 29. Qxd5 cxd5 30. Rc1 Kd7 31. Nf4 Ne4 32. Rxc8 Rxc8 33. Nxd5
Nd2+ 34. Ka1 Rc4 35. b3 Rxd4 36. Ne3 Re4 37. Nc2 Rxe5 38. Rd1 Rd5 39. Kb2 Rd6
40. Kc1 Ne4 41. Nxb4 Rxd1+ 42. Kxd1 a5 43. Nc2 Nc3+ 44. Kd2 Nxa2 45. Kd3 Nc1+
46. Kc4 Kd6 47. Nd4 Ke5 1/2-1/2

[Event "Oberliga Ost B 2017 2018"]
[Site "Germany"]
[Date "2018.02.03"]
[Round "6.6"]
[White "Haenisch, Uwe"]
[Black "Minor, Samuel"]
[Result "1-0"]
[WhiteElo "2195"]
[BlackElo "2244"]
[PlyCount "75"]
[EventDate "2017.10.22"]
[EventType "team-tourn"]
[EventCountry "GER"]
[WhiteTeam "Frankfurt SC Koenig Nied"]
[BlackTeam "Wiesbadener SV"]
[WhiteTeamCountry "GER"]
[BlackTeamCountry "GER"]

1. e4 e6 2. d4 d5 3. Nd2 c5 4. c3 Nc6 5. Ngf3 cxd4 6. cxd4 dxe4 7. Nxe4 Bb4+ 8.
Bd2 Be7 9. Bd3 Nf6 10. O-O O-O 11. Nxf6+ Bxf6 12. Bc3 b6 13. Qe2 Bb7 14. Rfd1
Qd6 15. Be4 Rfd8 16. Ne5 Bxe5 17. dxe5 Qe7 18. Qf3 Rxd1+ 19. Rxd1 Rd8 20. Re1
Na5 21. Bxa5 Bxe4 22. Qxe4 bxa5 23. g3 Qc5 24. Re2 Rd1+ 25. Kg2 g6 26. Rc2 Qb5
27. Re2 Rd5 28. Qe3 Kg7 29. Re1 Qxb2 30. Qf4 Qc2 31. g4 Rd2 32. Re3 Kg8 33. Rf3
Rd7 34. h4 Qxa2 35. h5 Qd2 36. Qf6 a4 37. hxg6 hxg6 38. Rh3 1-0

[Event "Oberliga Ost B 2017 2018"]
[Site "Germany"]
[Date "2018.02.03"]
[Round "6.7"]
[White "Nehmert, Ulrich"]
[Black "Rosa, Mike"]
[Result "1/2-1/2"]
[WhiteElo "2276"]
[BlackElo "2073"]
[PlyCount "73"]
[EventDate "2017.10.22"]
[EventType "team-tourn"]
[EventCountry "GER"]
[WhiteTeam "Wiesbadener SV"]
[BlackTeam "Frankfurt SC Koenig Nied"]
[WhiteTeamCountry "GER"]
[BlackTeamCountry "GER"]

1. Nf3 Nf6 2. b3 d5 3. Bb2 c5 4. e3 Nc6 5. Bb5 Bd7 6. O-O e6 7. d3 Be7 8. Nbd2
O-O 9. Bxc6 Bxc6 10. Ne5 Qc7 11. f4 b5 12. Nxc6 Qxc6 13. Nf3 Ng4 14. Qe1 Bf6
15. Bxf6 Nxf6 16. a4 a6 17. Ne5 Qb7 18. Qh4 c4 19. Rf3 cxb3 20. cxb3 Rac8 21.
Rg3 Ne8 22. Rh3 h6 23. Ng4 f6 24. Nxh6+ gxh6 25. Qxh6 Kf7 26. f5 Rg8 27. Qh5+
Ke7 28. fxe6 Kxe6 29. Rf1 Nd6 30. Rhf3 Rcf8 31. Qh3+ Ke7 32. Qh7+ Kd8 33. Qh4
Qg7 34. Rg3 Qe7 35. Rgf3 Qg7 36. Rg3 Qe7 37. Rgf3 1/2-1/2

[Event "Oberliga Ost B 2017 2018"]
[Site "Germany"]
[Date "2018.02.03"]
[Round "6.8"]
[White "Bittner, Peter"]
[Black "Kayser, Felix"]
[Result "1/2-1/2"]
[WhiteElo "1877"]
[BlackElo "2149"]
[PlyCount "129"]
[EventDate "2017.10.22"]
[EventType "team-tourn"]
[EventCountry "GER"]
[WhiteTeam "Frankfurt SC Koenig Nied"]
[BlackTeam "Wiesbadener SV"]
[WhiteTeamCountry "GER"]
[BlackTeamCountry "GER"]

1. Nf3 d5 2. d4 e6 3. g3 c5 4. c3 Nc6 5. Bg2 Nf6 6. O-O Be7 7. Re1 O-O 8. Nbd2
Rb8 9. dxc5 Bxc5 10. Nb3 Bd6 11. Qc2 Qc7 12. Nfd4 a6 13. Bg5 Be7 14. Rac1 h6
15. Bd2 Bd7 16. Qb1 b5 17. Nxc6 Bxc6 18. Nd4 Ba8 19. Qd3 Rbc8 20. Bh3 Ne4 21.
Be3 Bg5 22. Bxg5 Nxg5 23. Bg2 Ne4 24. a3 Qb6 25. e3 e5 26. Nb3 Rcd8 27. Qe2
Rfe8 28. Rcd1 a5 29. Nd2 Nc5 30. Nf3 Bc6 31. h3 Bb7 32. Bf1 Ba6 33. Qc2 Qf6 34.
Bg2 Bc8 35. Qe2 Ba6 36. Qc2 a4 37. Nh2 Bb7 38. Qe2 Bc6 39. Qf3 Qg6 40. Qg4 Qf6
41. Qf3 Qe6 42. Qg4 f5 43. Qe2 Qf6 44. Qc2 Ne4 45. Nf3 Rf8 46. Nd2 Nc5 47. Nf3
Kh8 48. Nh2 Qe6 49. Nf3 Be8 50. Nh2 Bg6 51. Qe2 Be8 52. Qc2 Nb3 53. Nf1 Bh5 54.
Rb1 Na5 55. Nd2 Nc4 56. Rbc1 Qf6 57. Bf3 Nxd2 58. Bxh5 Nc4 59. Bf3 g5 60. Red1
e4 61. Bg2 f4 62. exf4 gxf4 63. g4 h5 64. f3 hxg4 65. hxg4 1/2-1/2

[Event "Oberliga Ost B 2017 2018"]
[Site "Germany"]
[Date "2018.02.03"]
[Round "6.1"]
[White "Mueller, Maximilian"]
[Black "Brueggemann, Ludger"]
[Result "1-0"]
[WhiteElo "2313"]
[BlackElo "2285"]
[PlyCount "105"]
[EventDate "2017.10.22"]
[EventType "team-tourn"]
[EventCountry "GER"]
[WhiteTeam "Gernsheim SK"]
[BlackTeam "Frankfurter TV"]
[WhiteTeamCountry "GER"]
[BlackTeamCountry "GER"]

1. d4 Nf6 2. Nf3 g6 3. g3 Bg7 4. Bg2 O-O 5. O-O d6 6. c4 Na6 7. Nc3 c5 8. e4
Bg4 9. Be3 cxd4 10. Bxd4 Nc5 11. Qc2 Rc8 12. Nd2 e5 13. Be3 a5 14. f3 Bd7 15.
Rfd1 Ne6 16. Qb3 Nd4 17. Bxd4 exd4 18. Ne2 b5 19. Rac1 Qb6 20. Qd3 Be6 21. Qxd4
Rc5 22. Qf2 bxc4 23. Nxc4 Bxc4 24. Rxc4 Qxb2 25. Rxc5 dxc5 26. Nf4 Qxf2+ 27.
Kxf2 Rb8 28. Bf1 g5 29. Ne2 Rb2 30. Rd8+ Bf8 31. Ke3 Rxa2 32. Nc3 Ra3 33. Kd2
Kg7 34. Bc4 Be7 35. Rb8 Ra1 36. Rb7 Ng8 37. Nd5 Kf8 38. Ne3 Nh6 39. Rb8+ Kg7
40. Re8 Bf6 41. e5 a4 42. exf6+ Kxf6 43. Rc8 Rb1 44. Rc6+ Kg7 45. Rxc5 Rb2+ 46.
Nc2 Kf6 47. Rc6+ Kg7 48. Kc1 Rb7 49. Ra6 g4 50. f4 Rd7 51. Ne3 Re7 52. Kd2 Rb7
53. Bd3 1-0

[Event "Oberliga Ost B 2017 2018"]
[Site "Germany"]
[Date "2018.02.03"]
[Round "6.2"]
[White "Telljohann, Sven"]
[Black "Mazurek, Robert"]
[Result "1/2-1/2"]
[WhiteElo "2391"]
[BlackElo "2152"]
[PlyCount "149"]
[EventDate "2017.10.22"]
[EventType "team-tourn"]
[EventCountry "GER"]
[WhiteTeam "Frankfurter TV"]
[BlackTeam "Gernsheim SK"]
[WhiteTeamCountry "GER"]
[BlackTeamCountry "GER"]

1. b3 e5 2. Bb2 Nc6 3. e3 Nf6 4. c4 Be7 5. Be2 O-O 6. Nf3 e4 7. Nd4 Nxd4 8.
Bxd4 d5 9. Nc3 c6 10. cxd5 cxd5 11. O-O Bd7 12. b4 Bxb4 13. Bxf6 Qxf6 14. Nxd5
Qd6 15. Nxb4 Qxb4 16. Rb1 Qa5 17. Rxb7 Bc6 18. Rb2 Rfd8 19. Qc2 Rd6 20. Qc3 Qg5
21. Rc1 Rad8 22. Qc5 Qe7 23. Bf1 Qd7 24. Qa5 Rd5 25. Rc5 Rxc5 26. Qxc5 g6 27.
h4 h5 28. Bc4 Rc8 29. Qg5 Qd6 30. Qf4 Qxf4 31. exf4 Kg7 32. Ba6 Rd8 33. Rc2 Rd6
34. Bc4 Ba4 35. Bb3 Bxb3 36. axb3 Rb6 37. Rb2 a5 38. Kf1 a4 39. b4 a3 40. Ra2
Rxb4 41. Rxa3 f5 42. Ke2 Kf6 43. f3 exf3+ 44. Kxf3 Rd4 45. d3 Rb4 46. Ra6+ Kf7
47. Ra2 Ke6 48. Re2+ Kd6 49. Ra2 Ke6 50. Ke3 Rb6 51. g3 Rb4 52. Ra6+ Kf7 53.
Ra7+ Ke6 54. Ra2 Ke7 55. Rc2 Ra4 56. Re2 Kd6 57. Rb2 Ke6 58. Rb6+ Kf7 59. Rb5
Ra2 60. d4 Ra3+ 61. Kf2 Ra2+ 62. Kf3 Ra3+ 63. Kg2 Ra2+ 64. Kh3 Rd2 65. d5 Kg7
66. Rb7+ Kg8 67. Rb6 Kf7 68. d6 Ke6 69. d7+ Kf7 70. Rb7 Ke6 71. Rb6+ Kf7 72.
Rb7 Ke6 73. Rb6+ Kf7 74. Rb7 Ke6 75. Rb6+ 1/2-1/2

[Event "Oberliga Ost B 2017 2018"]
[Site "Germany"]
[Date "2018.02.03"]
[Round "6.3"]
[White "Peterson, Emery"]
[Black "du Maire, Jerome"]
[Result "0-1"]
[WhiteElo "2165"]
[BlackElo "2154"]
[PlyCount "66"]
[EventDate "2017.10.22"]
[EventType "team-tourn"]
[EventCountry "GER"]
[WhiteTeam "Gernsheim SK"]
[BlackTeam "Frankfurter TV"]
[WhiteTeamCountry "GER"]
[BlackTeamCountry "GER"]

1. d4 d5 2. e3 Nf6 3. Bd3 c5 4. c3 Nbd7 5. f4 e6 6. Nf3 Bd6 7. O-O b6 8. Ne5
Bb7 9. Nd2 O-O 10. Qf3 a5 11. Rf2 Ne8 12. g4 Bxe5 13. fxe5 f6 14. Qh3 g6 15.
Nf3 fxe5 16. dxe5 Nc7 17. Bd2 Qe7 18. Re1 Qg7 19. Qg3 Rf7 20. e4 Raf8 21. exd5
Bxd5 22. Be4 h6 23. b3 Bxe4 24. Rxe4 Nd5 25. Kg2 g5 26. h4 Qg6 27. Ree2 Qd3 28.
Ne1 Rxf2+ 29. Rxf2 Qe4+ 30. Kg1 Nf4 31. Kh2 Nxe5 32. Bxf4 Rxf4 33. Re2 Rxg4 0-1

[Event "Oberliga Ost B 2017 2018"]
[Site "Germany"]
[Date "2018.02.03"]
[Round "6.4"]
[White "Diyap, Murat"]
[Black "Hebbering, Tom Elliot"]
[Result "0-1"]
[WhiteElo "2093"]
[BlackElo "2181"]
[PlyCount "84"]
[EventDate "2017.10.22"]
[EventType "team-tourn"]
[EventCountry "GER"]
[WhiteTeam "Frankfurter TV"]
[BlackTeam "Gernsheim SK"]
[WhiteTeamCountry "GER"]
[BlackTeamCountry "GER"]

1. e4 c5 2. Nf3 e6 3. d4 cxd4 4. Nxd4 Nc6 5. Nc3 Qc7 6. g3 a6 7. Bg2 Nf6 8. O-O
Nxd4 9. Qxd4 Bc5 10. Qd3 d6 11. Bf4 h6 12. Rad1 e5 13. Bc1 Be6 14. Nd5 Nxd5 15.
exd5 Bd7 16. Kh1 f5 17. b3 O-O 18. Bb2 b5 19. Qe2 b4 20. Rfe1 Qb6 21. f4 e4 22.
c4 bxc3 23. Bxc3 Bb5 24. Qb2 Rf7 25. Bf1 Bf2 26. Bd4 Bxd4 27. Qxd4 Qxd4 28.
Rxd4 Bxf1 29. Rxf1 Rc7 30. Rf2 a5 31. g4 e3 32. Re2 fxg4 33. Kg2 Re8 34. Kg3 h5
35. f5 Re5 36. Kh4 Rxf5 37. Rd3 Re7 38. Rdxe3 Rxe3 39. Rxe3 Rxd5 40. Re8+ Kf7
41. Rb8 Kg6 42. Kg3 Kg5 0-1

[Event "Oberliga Ost B 2017 2018"]
[Site "Germany"]
[Date "2018.02.03"]
[Round "6.5"]
[White "Nies, Peter"]
[Black "Neininger, Ralph"]
[Result "0-1"]
[WhiteElo "2087"]
[BlackElo "2064"]
[PlyCount "52"]
[EventDate "2017.10.22"]
[EventType "team-tourn"]
[EventCountry "GER"]
[WhiteTeam "Gernsheim SK"]
[BlackTeam "Frankfurter TV"]
[WhiteTeamCountry "GER"]
[BlackTeamCountry "GER"]

1. e4 c6 2. d4 d5 3. e5 Bf5 4. Nf3 e6 5. Be2 c5 6. O-O Nc6 7. Be3 cxd4 8. Nxd4
Nxd4 9. Bxd4 Ne7 10. Nd2 Nc6 11. Nf3 Bg4 12. c3 Be7 13. Ne1 Bxe2 14. Qxe2 Nxd4
15. cxd4 Qb6 16. Nf3 O-O 17. Rac1 Rac8 18. a3 Rc6 19. Qd2 Rfc8 20. g3 Qb3 21.
Rxc6 Rxc6 22. Ne1 Rc4 23. f4 Qa4 24. Nf3 Rc2 25. Qd1 Qb3 26. Rf2 Rxb2 0-1

[Event "Oberliga Ost B 2017 2018"]
[Site "Germany"]
[Date "2018.02.03"]
[Round "6.6"]
[White "Henrich, David"]
[Black "Rosenberger, Frank"]
[Result "1/2-1/2"]
[WhiteElo "2092"]
[BlackElo "2110"]
[PlyCount "37"]
[EventDate "2017.10.22"]
[EventType "team-tourn"]
[EventCountry "GER"]
[WhiteTeam "Frankfurter TV"]
[BlackTeam "Gernsheim SK"]
[WhiteTeamCountry "GER"]
[BlackTeamCountry "GER"]

1. c4 c6 2. Nf3 d5 3. e3 Nf6 4. Qc2 e6 5. b3 Nbd7 6. Bb2 Bd6 7. Nc3 O-O 8. Be2
Re8 9. Rc1 Qe7 10. cxd5 exd5 11. Nd4 g6 12. O-O Ne5 13. h3 Ned7 14. Nf3 Ba3 15.
Bxa3 Qxa3 16. Nd4 Qe7 17. Na4 Ne4 18. d3 Nd6 19. b4 1/2-1/2

[Event "Oberliga Ost B 2017 2018"]
[Site "Germany"]
[Date "2018.02.03"]
[Round "6.7"]
[White "Neumann, Martin"]
[Black "Krzesinski, Paul"]
[Result "1-0"]
[WhiteElo "2049"]
[BlackElo "2087"]
[PlyCount "47"]
[EventDate "2017.10.22"]
[EventType "team-tourn"]
[EventCountry "GER"]
[WhiteTeam "Gernsheim SK"]
[BlackTeam "Frankfurter TV"]
[WhiteTeamCountry "GER"]
[BlackTeamCountry "GER"]

1. d4 Nf6 2. Bg5 d5 3. Bxf6 exf6 4. c4 c6 5. cxd5 cxd5 6. Nc3 Be7 7. Qb3 O-O 8.
Nxd5 Qa5+ 9. Nc3 Nc6 10. e3 Nb4 11. a3 Bf5 12. Rc1 Be6 13. axb4 Bxb4 14. Bc4
Bxc4 15. Qxc4 Rac8 16. Qb3 Bd6 17. Nf3 Qh5 18. O-O f5 19. Ne2 Rce8 20. Ng3 Qg4
21. Qxb7 f4 22. exf4 Bxf4 23. Rc6 Bxg3 24. hxg3 1-0

[Event "Oberliga Ost B 2017 2018"]
[Site "Germany"]
[Date "2018.02.03"]
[Round "6.8"]
[White "Ortinau, Peter"]
[Black "Mao, Kevin"]
[Result "1/2-1/2"]
[WhiteElo "2074"]
[BlackElo "2004"]
[PlyCount "51"]
[EventDate "2017.10.22"]
[EventType "team-tourn"]
[EventCountry "GER"]
[WhiteTeam "Frankfurter TV"]
[BlackTeam "Gernsheim SK"]
[WhiteTeamCountry "GER"]
[BlackTeamCountry "GER"]

1. d4 Nf6 2. c4 Nc6 3. Nc3 e5 4. d5 Ne7 5. e4 Ng6 6. Be3 Bb4 7. f3 O-O 8. Nge2
Nh5 9. Qd2 d6 10. O-O-O b5 11. g4 Nhf4 12. Nxf4 exf4 13. Bd4 bxc4 14. Bxc4 Ne5
15. Be2 g5 16. h4 f6 17. hxg5 fxg5 18. Bxe5 dxe5 19. Bc4 Bd6 20. Rh6 Rf6 21.
Qh2 Qe7 22. Rh1 Rxh6 23. Qxh6 Qg7 24. Nb5 Qxh6 25. Rxh6 Kg7 26. Rh5 1/2-1/2

[Event "Oberliga Ost B 2017 2018"]
[Site "Germany"]
[Date "2018.02.03"]
[Round "6.1"]
[White "Matviishen, Viktor"]
[Black "Kuznecovs, Nikita"]
[Result "0-1"]
[WhiteElo "2433"]
[BlackElo "2130"]
[PlyCount "88"]
[EventDate "2017.10.22"]
[EventType "team-tourn"]
[EventCountry "GER"]
[WhiteTeam "Kasseler SK"]
[BlackTeam "Stadtilm SG BW"]
[WhiteTeamCountry "GER"]
[BlackTeamCountry "GER"]

1. d4 e6 2. Nf3 Nf6 3. Bf4 c5 4. c3 d5 5. e3 Nc6 6. Nbd2 cxd4 7. exd4 Nh5 8.
Bg5 f6 9. Be3 Bd6 10. g3 O-O 11. Bg2 g6 12. O-O Ng7 13. Ne1 Ne7 14. Nd3 Bd7 15.
Bf4 Bb5 16. Bxd6 Qxd6 17. Nf3 g5 18. Re1 b6 19. h4 h6 20. hxg5 hxg5 21. Nh2
Nef5 22. a4 Be8 23. a5 Bg6 24. Ng4 Rac8 25. axb6 axb6 26. Qd2 Rc7 27. Ra6 Nh5
28. Nb4 Kh8 29. Ne3 Rh7 30. Nxf5 Bxf5 31. Qe3 Nf4 32. Bf1 Rg8 33. Rea1 Be4 34.
f3 Nh3+ 35. Kg2 Nf4+ 36. Kf2 Rh2+ 37. Ke1 Nh5 38. fxe4 Nxg3 39. e5 Nxf1 40.
Kxf1 Qf8 41. Kg1 Qh6 42. Qf3 f5 43. Qg2 Rxg2+ 44. Kxg2 f4 0-1

[Event "Oberliga Ost B 2017 2018"]
[Site "Germany"]
[Date "2018.02.03"]
[Round "6.2"]
[White "Siebarth, Raiko"]
[Black "Frolov, Artur"]
[Result "0-1"]
[WhiteElo "2288"]
[BlackElo "2403"]
[PlyCount "66"]
[EventDate "2017.10.22"]
[EventType "team-tourn"]
[EventCountry "GER"]
[WhiteTeam "Stadtilm SG BW"]
[BlackTeam "Kasseler SK"]
[WhiteTeamCountry "GER"]
[BlackTeamCountry "GER"]

1. e4 c5 2. Nc3 Nc6 3. Nge2 d6 4. d4 cxd4 5. Nxd4 e6 6. Be3 Nf6 7. Be2 Be7 8.
O-O O-O 9. f3 a6 10. a4 d5 11. exd5 Nxd5 12. Nxd5 Qxd5 13. Nxc6 Qxc6 14. Bd3
Bd7 15. Kh1 f5 16. Bd4 Bd6 17. Qe1 Qc7 18. Qh4 e5 19. Bc3 Bc6 20. Qh3 e4 21.
fxe4 fxe4 22. Bc4+ Kh8 23. Be6 Be5 24. Bf5 h6 25. Rae1 Rf6 26. Be6 Bxc3 27.
bxc3 Raf8 28. Rxf6 Rxf6 29. Bb3 Qf4 30. Rg1 e3 31. Qc8+ Rf8 32. Qe6 Qf2 33. h3
e2 0-1

[Event "Oberliga Ost B 2017 2018"]
[Site "Germany"]
[Date "2018.02.03"]
[Round "6.3"]
[White "Hahn, Markus"]
[Black "Schneider, Christian"]
[Result "1-0"]
[WhiteElo "2281"]
[BlackElo "2215"]
[PlyCount "115"]
[EventDate "2017.10.22"]
[EventType "team-tourn"]
[EventCountry "GER"]
[WhiteTeam "Kasseler SK"]
[BlackTeam "Stadtilm SG BW"]
[WhiteTeamCountry "GER"]
[BlackTeamCountry "GER"]

1. d4 Nf6 2. Nf3 e6 3. g3 d5 4. c4 Be7 5. Bg2 O-O 6. O-O dxc4 7. Qa4 a6 8. Qxc4
b5 9. Qc2 Bb7 10. Bg5 Nbd7 11. Bxf6 Nxf6 12. Nbd2 Rc8 13. Nb3 Be4 14. Qc3 Nd5
15. Qd2 c5 16. Nxc5 Bxc5 17. dxc5 Rxc5 18. Rac1 Rxc1 19. Rxc1 Qa8 20. Qd4 Nf6
21. Ne1 Bxg2 22. Nxg2 Rd8 23. Qc5 h6 24. f3 Rd2 25. Qc3 Qd8 26. Kf2 Qb6+ 27.
Ne3 Rd8 28. Qc5 Qxc5 29. Rxc5 Kf8 30. Nc2 Rd5 31. Rc8+ Ke7 32. Nb4 Rd2 33. Nd3
Rd1 34. Rc7+ Ke8 35. Ra7 Nd5 36. Rxa6 Rh1 37. Kg2 Rb1 38. f4 Ne3+ 39. Kf3 Nd1
40. b3 Nb2 41. Ne5 Rf1+ 42. Kg2 Re1 43. Ra8+ Ke7 44. Ra7+ Ke8 45. Kf2 Ra1 46.
Nxf7 Nd1+ 47. Kf3 Nc3 48. Nd6+ Kf8 49. e4 b4 50. e5 Rxa2 51. Rxa2 Nxa2 52. Nb5
Kf7 53. Ke3 Nc1 54. Nd4 g5 55. Kd2 Na2 56. Ne2 gxf4 57. gxf4 Kg6 58. Kc2 1-0

[Event "Oberliga Ost B 2017 2018"]
[Site "Germany"]
[Date "2018.02.03"]
[Round "6.4"]
[White "Mehlhorn, Uwe"]
[Black "Dovzik, Juri"]
[Result "0-1"]
[WhiteElo "2153"]
[BlackElo "2304"]
[PlyCount "78"]
[EventDate "2017.10.22"]
[EventType "team-tourn"]
[EventCountry "GER"]
[WhiteTeam "Stadtilm SG BW"]
[BlackTeam "Kasseler SK"]
[WhiteTeamCountry "GER"]
[BlackTeamCountry "GER"]

1. b4 c6 2. e3 d5 3. c4 e6 4. Bb2 Nf6 5. a3 a5 6. b5 c5 7. Nf3 Nbd7 8. a4 Be7
9. Na3 b6 10. Be2 Bb7 11. O-O O-O 12. Rc1 Bd6 13. d4 Qe7 14. Qb3 Ne4 15. Rfd1
Rac8 16. Qa2 cxd4 17. exd4 Bf4 18. Rc2 Bd6 19. Rdc1 Bf4 20. Rd1 Rfd8 21. g3 Bd6
22. Rdc1 Qf8 23. Qa1 h6 24. cxd5 exd5 25. Ne5 Nxe5 26. dxe5 Bc5 27. Bd3 Ng5 28.
Kf1 Nf3 29. Ke2 d4 30. Nc4 Re8 31. h4 Nxe5 32. Nxe5 Rxe5+ 33. Kf1 Rd8 34. Re1
Rxe1+ 35. Qxe1 Bb4 36. Qd1 Qd6 37. Qh5 Qe6 38. f3 Qh3+ 39. Rg2 Bxf3 0-1

[Event "Oberliga Ost B 2017 2018"]
[Site "Germany"]
[Date "2018.02.03"]
[Round "6.5"]
[White "Bunda, Viktor"]
[Black "George, Tom"]
[Result "1/2-1/2"]
[WhiteElo "2305"]
[BlackElo "2205"]
[PlyCount "114"]
[EventDate "2017.10.22"]
[EventType "team-tourn"]
[EventCountry "GER"]
[WhiteTeam "Kasseler SK"]
[BlackTeam "Stadtilm SG BW"]
[WhiteTeamCountry "GER"]
[BlackTeamCountry "GER"]

1. d4 Nf6 2. c4 e6 3. g3 d5 4. Nf3 Be7 5. Bg2 O-O 6. O-O dxc4 7. Qc2 a6 8. a4
Bd7 9. Qxc4 Bc6 10. Bf4 a5 11. Rd1 Na6 12. Nc3 Bd6 13. Bg5 h6 14. Bxf6 Qxf6 15.
e4 Qe7 16. e5 Bb4 17. Ne1 Bxg2 18. Kxg2 Rfd8 19. Nd3 Qd7 20. Nf4 c6 21. Qe2 Nc7
22. Qg4 Bf8 23. Nh5 Nd5 24. Ne4 Kh8 25. Ra3 g6 26. Nhf6 Nxf6 27. Nxf6 Qc7 28.
Re3 Qb6 29. h4 Bg7 30. Qf4 Qxb2 31. Rf3 c5 32. Rfd3 c4 33. R3d2 Qb4 34. d5 c3
35. Rd4 c2 36. Rc1 Qb2 37. Rc4 Rac8 38. R1xc2 Rxc4 39. Rxc4 exd5 40. Rd4 Qb3
41. h5 Qb6 42. hxg6 fxg6 43. Nxd5 Qe6 44. Nf6 Rxd4 45. Qxd4 Bxf6 46. exf6 Kg8
47. Qd8+ Kf7 48. Qxa5 Qe4+ 49. Kh2 Kxf6 50. Qd8+ Kf7 51. Qd7+ Kf6 52. Qd6+ Kf7
53. Qc7+ Kf6 54. Qb6+ Kf7 55. a5 Qf3 56. Qc5 h5 57. Qa7 Kg8 1/2-1/2

[Event "Oberliga Ost B 2017 2018"]
[Site "Germany"]
[Date "2018.02.03"]
[Round "6.6"]
[White "Siebarth, Marco"]
[Black "Kersten, Uwe"]
[Result "1/2-1/2"]
[WhiteElo "2024"]
[BlackElo "2245"]
[PlyCount "71"]
[EventDate "2017.10.22"]
[EventType "team-tourn"]
[EventCountry "GER"]
[WhiteTeam "Stadtilm SG BW"]
[BlackTeam "Kasseler SK"]
[WhiteTeamCountry "GER"]
[BlackTeamCountry "GER"]

1. e4 d6 2. d4 Nf6 3. Nc3 g6 4. f4 Bg7 5. a3 O-O 6. Nf3 Bg4 7. Be2 d5 8. e5 Ne4
9. O-O c5 10. h3 Bf5 11. dxc5 Nxc3 12. bxc3 Qa5 13. Qxd5 Nc6 14. Qc4 Qc7 15.
Nd4 Na5 16. Qb4 Bd7 17. Be3 Rfc8 18. Nb5 Bxb5 19. Bxb5 Rd8 20. Rfd1 Rxd1+ 21.
Rxd1 Rd8 22. Rxd8+ Qxd8 23. Qd4 Qb8 24. Qd7 e6 25. Qe8+ Qxe8 26. Bxe8 Kf8 27.
Bb5 Ke7 28. Kf2 h5 29. g4 hxg4 30. hxg4 Nc6 31. Bd3 g5 32. fxg5 Bxe5 33. Be4
Bxc3 34. g6 fxg6 35. Bxg6 Ne5 36. Be4 1/2-1/2

[Event "Oberliga Ost B 2017 2018"]
[Site "Germany"]
[Date "2018.02.03"]
[Round "6.7"]
[White "Luechtemeier, Peter"]
[Black "Neubauer, Andreas"]
[Result "0-1"]
[WhiteElo "2188"]
[BlackElo "2145"]
[PlyCount "70"]
[EventDate "2017.10.22"]
[EventType "team-tourn"]
[EventCountry "GER"]
[WhiteTeam "Kasseler SK"]
[BlackTeam "Stadtilm SG BW"]
[WhiteTeamCountry "GER"]
[BlackTeamCountry "GER"]

1. d4 Nf6 2. Nf3 d5 3. c4 e6 4. Bg5 Be7 5. e3 O-O 6. Nc3 Nbd7 7. cxd5 exd5 8.
Bd3 b6 9. O-O Bb7 10. Rc1 c5 11. Qe2 Re8 12. Rfd1 c4 13. Bf5 h6 14. Bh4 g6 15.
Bb1 a6 16. a4 Qb8 17. Ba2 b5 18. Bg3 Qd8 19. axb5 axb5 20. Bb1 Qb6 21. Ne5 b4
22. Nxd5 Bxd5 23. Nxc4 Qe6 24. Nd2 Bf8 25. Rc7 Nh5 26. Qb5 Nxg3 27. hxg3 Nf6
28. Nf3 Bd6 29. Rcc1 Rab8 30. Qa6 Ng4 31. e4 Bb7 32. d5 Bxa6 33. dxe6 Rxe6 34.
Rc6 Bxg3 35. Rxe6 Bxf2+ 0-1

[Event "Oberliga Ost B 2017 2018"]
[Site "Germany"]
[Date "2018.02.03"]
[Round "6.8"]
[White "Wolf, Philipp"]
[Black "Schnegelberger, Leon"]
[Result "1-0"]
[WhiteElo "1832"]
[BlackElo "1894"]
[PlyCount "73"]
[EventDate "2017.10.22"]
[EventType "team-tourn"]
[EventCountry "GER"]
[WhiteTeam "Stadtilm SG BW"]
[BlackTeam "Kasseler SK"]
[WhiteTeamCountry "GER"]
[BlackTeamCountry "GER"]

1. e4 c6 2. d4 d5 3. e5 Bf5 4. Nf3 e6 5. Be2 Nd7 6. O-O Ne7 7. a4 c5 8. c4 cxd4
9. cxd5 Nxd5 10. Bg5 Qb6 11. Bb5 h6 12. Bd2 a6 13. Bxd7+ Kxd7 14. Na3 Rc8 15.
Ra2 Be7 16. a5 Qc7 17. Qa4+ Kd8 18. Qxd4 g5 19. b4 f6 20. g4 Bg6 21. Rc1 Qd7
22. Rxc8+ Kxc8 23. Nc4 Qb5 24. exf6 Nxf6 25. Nfe5 Rd8 26. Nb6+ Kb8 27. Qc3 Ne4
28. Ned7+ Ka7 29. Qd4 Nc5 30. bxc5 Qb1+ 31. Kg2 Be4+ 32. f3 Qxa2 33. c6 Bc5 34.
Nc8+ Rxc8 35. Qxc5+ Ka8 36. Nb6+ Kb8 37. c7+ 1-0

[Event "Oberliga Ost B 2017 2018"]
[Site "Germany"]
[Date "2018.02.03"]
[Round "6.1"]
[White "Henrich, Thomas"]
[Black "Konopka, Michal"]
[Result "0-1"]
[WhiteElo "2310"]
[BlackElo "2391"]
[PlyCount "68"]
[EventDate "2017.10.22"]
[EventType "team-tourn"]
[EventCountry "GER"]
[WhiteTeam "Marburg SK"]
[BlackTeam "Schoeneck SF"]
[WhiteTeamCountry "GER"]
[BlackTeamCountry "GER"]

1. d4 Nf6 2. c4 g6 3. Nc3 d5 4. Qb3 dxc4 5. Qxc4 Bg7 6. e4 O-O 7. Be2 Na6 8.
Be3 Ng4 9. Bxg4 Bxg4 10. f3 Bd7 11. Nge2 c6 12. O-O Qa5 13. a3 Rfc8 14. b4 Qd8
15. Rad1 Nc7 16. Qb3 a5 17. d5 axb4 18. Qxb4 c5 19. Qb3 c4 20. Qb4 Na6 21. Qb1
Qa5 22. d6 Bxc3 23. dxe7 Be8 24. Rd5 b5 25. Nxc3 Qxc3 26. Bd4 Qxa3 27. Bf6 Nc7
28. Rd8 Ne6 29. Qxb5 Rxd8 30. exd8=Q Rxd8 31. Qxc4 Rb8 32. Rc1 Qe3+ 33. Kh1 Nf4
34. Rg1 Nh3 0-1